Squadre con più promozioni in Serie A - Statistics

Statistiche generali
  • Questo quiz è stato fatto 249 volte
    105 dall'ultimo reset
  • Il punteggio medio è 16 su 17
Statistiche sulle risposte
Promozioni Regione Stagioni in cui è salita in Serie A Squadra % Corretto
11 Puglia 1930-1931, 1934-1935, 19341-19342, 1957-1958, 1962-1963, 1968-1969, 1984-1985, 1988-1989, 1993-1994, 1996-1997, 2008-2009 Bari
98%
10 Puglia 1984-1985, 1987-1988, 1992-1993, 1996-1997, 1998-1999, 2002-2003, 2007-2008, 2009-2010, 2018-2019, 2021-2022 Lecce
98%
9 Liguria 1934-1935, 1952-1953, 1961-1962, 1972-1973, 1975-1976, 1980-1981, 1988-1989, 2006-2007; 2022-2023 Genoa
97%
9 Sicilia 1931-1932, 1947-1948, 1955-1956, 1958-1959, 1960-1961, 1967-1968, 1971-1972, 2003-2004, 2013-2014 Palermo
97%
8 Veneto 1938-1939, 1948-1949, 1960-1961, 1965-1966, 1997-1998, 2000-2001, 2020-2021 Venezia
97%
7 Sardegna 1963-1964, 1978-1979, 1989-1990, 1997-1998, 2003-2004, 2015-2016; 2022-2023 Cagliari
95%
12 Lombardia 1932-1933, 1942-1943, 1964-1965, 1968-1969, 1979-1980, 1985-1986, 1991-1992, 1993-1994, 1996-1997, 1999-2000, 2009-2010, 2018-2019 Brescia
94%
6 Toscana 1967-1968; 1981-1982; 1984-1985; 1986-1987; 1989-1990; 2024-2025 Pisa
94%
6 Piemonte 1959-1960, 1989-1990, 1998-1999, 2000-2001, 2005-2006, 2011-2012 Torino
94%
10 Veneto 1956-1957, 1967-1968, 1974-1975, 1981-1982, 1990-1991, 1995-1996, 1998-1999, 2012-2013, 2013-2017, 2018-2019 Hellas Verona
93%
6 Campania 1945-1946, 1949-1950, 1961-1962, 1964-1965, 1999-2000, 2006-2007 Napoli
93%
6 Friuli-Venezia Giulia 1949-1950, 1955-1956, 1978-1979, 1988-1989, 1991-1992, 1994-1995 Udinese
92%
12 Lombardia 1936-1937, 1939-1940, 1958-1959, 1970-1971, 1976-1977, 1983-1984, 1987-1988, 1994-1995, 1999-2000, 2003-2004, 2005-2006, 2010-2011 Atalanta
91%
6 Toscana 1932-1933, 1936-1937, 1939-1940, 2003-2004, 2008-2009, 2012-2013 Livorno
90%
6 Abruzzo 1976-1977, 1978-1979, 1986-1987, 1991-1992, 2011-2012, 2015-2016 Pescara
90%
7 Toscana 1987-1988, 1996-1997, 2001-2002, 2004-2005, 2013-2014, 2017-2018, 2020-2021 Empoli
86%
6 Lombardia 1948-1949; 1974-1975; 1979-1980; 1983-1984; 2001-2002; 2023-2024 Como
84%
Nessun quiz corrispondente trovato
Distribuzione punteggi
Percentuale di utenti per punteggio
Percentile per numero di risposta
I tuoi punteggi nel tempo
Non hai fatto questo quiz dall'ultimo reset